000 00601cam a22002053a 4500
001 45384
003 PGUSA
005 20140828084041.0
008 140414s2014||||xxu|||||s|||||000 | eng d
040 _aPGUSA
_beng
042 _adc
100 1 _aScudder, Horace Elisha,
_d1838-1902
245 1 4 _aThe Book of Fables and Folk Stories
_h[electronic resource] /
_cHorace Elisha Scudder
260 _bProject Gutenberg,
_c2014
506 _aPublic domain in the USA.
516 _aElectronic text
830 0 _aProject Gutenberg
_v45384
856 4 0 _uhttp://www.gutenberg.org/ebooks/45384
942 _cEB
999 _c274635
_d274635